Normal view
MARC view
- S,JACOBY
Entry Personal Name
001 - CONTROL NUMBER
- control field: 91845
003 - CONTROL NUMBER IDENTIFIER
- control field: NUST
005 - DATE AND TIME OF LATEST TRANSACTION
- control field: 20220525164406.0
008 - FIXED-LENGTH DATA ELEMENTS
- fixed length control field: 220525|| aca||aabn | a|a d
040 ## - CATALOGING SOURCE
- Original cataloging agency: NUST
- Transcribing agency: NUST
100 ## - HEADING--PERSONAL NAME
- Personal name: S,JACOBY
670 ## - SOURCE DATA FOUND
- Source citation: Work cat.: (NUST): S,JACOBY., ARCHITECTURE & THE URBAN /, 2016.
